Sześć najbliższych krajów - Portugalia - Statystyki

Ogólne statystyki
  • Ten quiz został rozwiązany 159 razy
  • Średni wynik to 4 z 6
Statystyki odpowiedzi
km kraj % Poprawnych
0 Hiszpania
99%
412 Francja
87%
202 Maroko
69%
637 Andora
62%
520 Algieria
30%
879 Wielka Brytania
24%
Nie znaleziono quizów pasujących do podanych kryteriów
Rozkład punktacji
Procent ludzi z każdym wynikiem
Percentyl według liczby udzielonych odpowiedzi
Twoja historia wyników
Nie rozwiązałeś tego quizu